000 00483nam 22001813 4500
001 32648
010 _a978-989-33-6766-7
021 _b538591/24
090 _a32648
100 _a20260326d2024 u||y0pory50 ba
101 _apor
102 _aPT
200 _aEriceira Visual Jouney
_fHugo Almeida, Pedro Mestre
210 _aPortugal, Mafra
_d2024
215 _a248 p.
_cil. color
700 _aAlmeida
_bHugo
701 _aMestre
_b Pedro
710 _aCâmara Municipal de Mafra